Catalog

Record Details

Catalog Search



Psychologie pro Tebe  Cover Image Book Book

Psychologie pro Tebe / Lea Paulínová

Paulínová, Lea (Author).

Record details

  • ISBN: 80-86073-30-0
  • Physical Description: 123 s. : il. ; 21 cm
  • Edition: Vyd. 2., dopl.
  • Publisher: Praha : Informatorium, 1998

Content descriptions

General Note:
Slovníček cizích pojmů
Bibliography, etc. Note:
Obsahuje bibliografii
Subject: psychologie
Genre: učebnice středních škol

Available copies

  • 3 of 3 copies available at Common Catalog SPOK.

Holds

  • 0 current holds with 3 total copies.
Show Only Available Copies
Location Call Number / Copy Notes Barcode Shelving Location Status Due Date
Jabok Library Psy-3/P 424480000348 Odborná literatura Available -
Jabok Library Psy-3/P 424480000543 Odborná literatura Available -
Jabok Library Psy-3/P 424480005181 Odborná literatura Available -

LDR 00963nam a2200301 a 4500
00110590
003CZ-PrJAB
00520180425094759.0
007tu
008981006s1998 xr a d p 000 0 cze
015 . ‡acnb000386961
020 . ‡a80-86073-30-0 ‡q(brož.) ‡z80-85427-30-0
035 . ‡a(CZ PrNK)cpk19980386961
035 . ‡a(OCoLC)84955663
040 . ‡aABA001 ‡bcze
072 7. ‡a159.9 ‡xPsychologie ‡2Konspekt ‡917
080 . ‡a159.9 ‡2undef
1001 . ‡aPaulínová, Lea ‡7jx20080318043 ‡4aut
24510. ‡aPsychologie pro Tebe / ‡cLea Paulínová
250 . ‡aVyd. 2., dopl.
260 . ‡aPraha : ‡bInformatorium, ‡c1998
300 . ‡a123 s. : ‡bil. ; ‡c21 cm
500 . ‡aSlovníček cizích pojmů
504 . ‡aObsahuje bibliografii
65007. ‡apsychologie ‡7ph115948 ‡2czenas
655 7. ‡aučebnice středních škol ‡7fd133771 ‡2czenas
910 . ‡aABG312
901 . ‡a10590 ‡bUnknown ‡c10590 ‡tbiblio

Additional Resources